[Event "2023 US National Elementary K-6 Championship"]
[Site "Baltimore, Maryland, United States"]
[Date "2023.05.13"]
[Round "3.1"]
[White "Yan, Nathan"]
[Black "Kandikayala, Srikar"]
[Result "1/2-1/2"]
[TimeControl "G/90; d10"]
[WhiteElo "2213"]
[BlackElo "1783"]

1. e4 {[%clk 01:30:00]} c5 {[%clk 01:30:00]} 2. Nf3 {[%clk 01:29:58]} Nc6
{[%clk 01:30:00]} 3. d4 {[%clk 01:29:58]} cxd4 {[%clk 01:30:00]} 4. Nxd4 {[%clk
01:29:58]} Nf6 {[%clk 01:30:00]} 5. Nc3 {[%clk 01:29:58]} e5 {[%clk 01:30:00]}
6. Ndb5 {[%clk 01:29:42]} d6 {[%clk 01:30:00]} 7. Bg5 {[%clk 01:29:42]} a6
{[%clk 01:29:55]} 8. Na3 {[%clk 01:29:42]} b5 {[%clk 01:29:49]} 9. Nd5 {[%clk
01:29:42]} Be7 {[%clk 01:29:49]} 10. Bxf6 {[%clk 01:29:42]} Bxf6 {[%clk
01:29:49]} 11. c3 {[%clk 01:29:42]} O-O {[%clk 01:28:39]} 12. Nc2 {[%clk
01:29:42]} Bg5 {[%clk 01:27:19]} 13. a4 {[%clk 01:29:28]} Rb8 {[%clk 01:26:59]}
14. axb5 {[%clk 01:27:37]} axb5 {[%clk 01:26:59]} 15. Bd3 {[%clk 01:21:58]} Be6
{[%clk 01:25:08]} 16. Ncb4 {[%clk 01:20:45]} Bxd5 {[%clk 01:22:19]} {[%emt
00:01:16]} 17. Nxd5 {[%clk 01:20:16]} {[%emt 00:00:33]} Ne7 {[%clk 01:21:35]}
{[%emt 00:00:56]} 18. Nb4 {[%clk 01:19:20]} {[%emt 00:01:04]} Qd7 {[%clk
01:15:11]} {[%emt 00:06:36]} 19. O-O {[%clk 01:18:48]} {[%emt 00:00:42]} Rfd8
{[%clk 01:10:01]} {[%emt 00:05:15]} 20. Qb3 {[%clk 01:15:02]} {[%emt 00:04:02]}
Rb6 {[%clk 00:56:26]} {[%emt 00:13:45]} 21. Rfd1 {[%clk 01:12:28]} {[%emt
00:02:40]} Kf8 {[%clk 00:52:57]} {[%emt 00:03:37]} 22. Ra5 {[%clk 01:08:45]}
{[%emt 00:03:57]} Rdb8 {[%clk 00:49:16]} {[%emt 00:03:44]} 23. Rda1 {[%clk
01:06:35]} {[%emt 00:02:28]} Nc6 {[%clk 00:47:04]} {[%emt 00:02:15]} 24. Ra8
{[%clk 01:01:02]} {[%emt 00:05:47]} Nxb4 {[%clk 00:45:11]} {[%emt 00:02:15]} 25.
Qxb4 {[%clk 00:59:13]} {[%emt 00:01:46]} Qc6 {[%clk 00:37:16]} {[%emt
00:08:17]} 26. Rxb8+ {[%clk 00:55:34]} {[%emt 00:04:00]} Rxb8 {[%clk 00:37:02]}
{[%emt 00:00:05]} 27. Ra5 {[%clk 00:53:16]} {[%emt 00:02:24]} Qc5 {[%clk
00:35:15]} {[%emt 00:02:04]} 28. Qb3 {[%clk 00:53:12]} {[%emt 00:00:07]} Bd8
{[%clk 00:31:13]} {[%emt 00:04:00]} 29. Rxb5 {[%clk 00:48:29]} {[%emt
00:05:04]} Rxb5 {[%clk 00:31:05]} {[%emt 00:00:18]} 30. Qxb5 {[%clk 00:48:29]}
{[%emt 00:00:18]} Qxb5 {[%clk 00:30:43]} {[%emt 00:00:15]} 31. Bxb5 {[%clk
00:48:29]} {[%emt 00:00:24]} Bg5 {[%clk 00:30:37]} {[%emt 00:00:05]} 32. Kf1
{[%clk 00:47:32]} {[%emt 00:00:56]} Bc1 {[%clk 00:30:18]} {[%emt 00:01:00]} 33.
b3 {[%clk 00:47:32]} Bd2 {[%clk 00:27:54]} {[%emt 00:02:10]} 34. Ke2 {[%clk
00:41:23]} {[%emt 00:06:15]} Bxc3 {[%clk 00:27:54]} {[%emt 00:00:37]} 35. Kd3
{[%clk 00:41:23]} Be1 {[%clk 00:27:34]} {[%emt 00:00:06]} 36. f3 {[%clk
00:40:54]} {[%emt 00:00:52]} Ke7 {[%clk 00:23:44]} {[%emt 00:03:54]} 37. Kc4
{[%clk 00:40:16]} {[%emt 00:00:52]} Kd8 {[%clk 00:21:27]} {[%emt 00:02:15]} 38.
b4 {[%clk 00:39:43]} {[%emt 00:00:43]} Bd2 {[%clk 00:20:22]} {[%emt 00:01:15]}
39. Bc6 {[%clk 00:37:23]} {[%emt 00:02:30]} g6 {[%clk 00:15:19]} {[%emt
00:05:13]} 40. g4 {[%clk 00:34:33]} {[%emt 00:03:09]} h5 {[%clk 00:12:28]}
{[%emt 00:02:50]} 41. h3 {[%clk 00:33:38]} {[%emt 00:01:08]} Be1 {[%clk
00:09:05]} {[%emt 00:03:58]} 42. b5 {[%clk 00:32:00]} {[%emt 00:01:24]} Bf2
{[%clk 00:08:35]} {[%emt 00:00:36]} 43. Kd5 {[%clk 00:31:08]} {[%emt 00:01:02]}
Bc5 {[%clk 00:08:14]} {[%emt 00:00:29]} 44. gxh5 {[%clk 00:25:14]} {[%emt
00:06:21]} gxh5 {[%clk 00:08:14]} 45. h4 {[%clk 00:21:54]} {[%emt 00:03:18]}
Kc7 {[%clk 00:06:40]} {[%emt 00:02:03]} 46. Be8 {[%clk 00:20:30]} {[%emt
00:01:16]} Bf2 {[%clk 00:06:24]} {[%emt 00:00:35]} 47. Bxf7 {[%clk 00:20:09]}
{[%emt 00:00:43]} Bxh4 {[%emt 00:02:25]} 48. Bxh5 {[%emt 00:00:34]} 1/2-1/2

[Event "2023 US National Elementary K-6 Championship"]
[Site "Baltimore, Maryland, United States"]
[Date "2023.05.13"]
[Round "3.11"]
[White "Shen, Edward"]
[Black "Wu, Andrew"]
[Result "0-1"]
[TimeControl "G/90; d10"]
[WhiteElo "1774"]
[BlackElo "2088"]

1. d4 {[%clk 01:30:00]} d5 {[%clk 01:24:17]} {[%emt 00:05:55]} 2. c4 {[%clk
01:30:00]} {[%emt 00:00:07]} c6 {[%clk 01:24:17]} {[%emt 00:00:10]} 3. cxd5
{[%clk 01:30:00]} {[%emt 00:00:06]} cxd5 {[%clk 01:24:17]} {[%emt 00:00:05]} 4.
Nf3 {[%clk 01:30:00]} {[%emt 00:00:07]} Nc6 {[%clk 01:24:17]} {[%emt 00:00:08]}
5. Nc3 {[%clk 01:30:00]} {[%emt 00:00:03]} Nf6 {[%clk 01:24:17]} {[%emt
00:00:07]} 6. Bf4 {[%clk 01:30:00]} {[%emt 00:00:04]} Nh5 {[%emt 00:01:48]} 7.
Bg5 {[%clk 01:28:41]} h6 {[%clk 01:23:53]} {[%emt 00:00:24]} 8. Bh4 {[%clk
01:28:10]} {[%emt 00:00:40]} g5 {[%clk 01:23:40]} {[%emt 00:00:24]} 9. Bg3
{[%clk 01:27:48]} {[%emt 00:00:32]} Nxg3 {[%clk 01:23:33]} {[%emt 00:00:17]} 10.
hxg3 {[%clk 01:27:48]} {[%emt 00:00:09]} g4 {[%clk 01:22:56]} {[%emt 00:00:48]}
11. Nd2 {[%clk 01:23:55]} {[%emt 00:05:26]} Bg7 {[%clk 01:19:44]} {[%emt
00:01:59]} 12. e3 {[%clk 01:23:12]} {[%emt 00:00:52]} Bf5 {[%clk 01:18:16]}
{[%emt 00:01:39]} 13. Qb3 {[%clk 01:21:58]} {[%emt 00:01:23]} O-O {[%clk
01:12:29]} {[%emt 00:05:58]} 14. Qxd5 {[%clk 01:18:21]} {[%emt 00:03:47]} Qc8
{[%clk 01:09:14]} {[%emt 00:03:26]} 15. Rc1 {[%clk 01:08:57]} {[%emt 00:09:30]}
e5 {[%clk 01:02:52]} {[%emt 00:06:35]} 16. dxe5 {[%clk 01:02:49]} {[%emt
00:06:18]} Nxe5 {[%clk 00:56:51]} {[%emt 00:06:12]} 17. Nde4 {[%clk 00:49:36]}
{[%emt 00:13:22]} Rd8 {[%clk 00:48:16]} {[%emt 00:08:46]} 18. Nd6 {[%clk
00:40:05]} {[%emt 00:09:39]} Qc7 {[%clk 00:39:27]} {[%emt 00:09:00]} 19. Rd1
{[%clk 00:39:52]} {[%emt 00:00:23]} Be6 {[%clk 00:34:55]} {[%emt 00:04:43]} 20.
Qxb7 {[%clk 00:24:08]} {[%emt 00:15:53]} Nf3+ {[%clk 00:28:28]} {[%emt
00:06:37]} 21. gxf3 {[%clk 00:22:41]} {[%emt 00:01:37]} Bxc3+ {[%clk 00:28:28]}
{[%emt 00:00:11]} 22. bxc3 {[%clk 00:22:26]} {[%emt 00:00:25]} Qxc3+ {[%clk
00:28:28]} {[%emt 00:00:06]} 23. Ke2 {[%clk 00:20:13]} {[%emt 00:02:18]} Bc4+
{[%clk 00:27:44]} {[%emt 00:00:58]} 24. Nxc4 {[%clk 00:20:09]} {[%emt
00:00:14]} Qxc4+ {[%clk 00:27:44]} {[%emt 00:00:05]} 25. Ke1 {[%clk 00:19:23]}
{[%emt 00:00:56]} Qc3+ {[%clk 00:27:44]} {[%emt 00:00:04]} 26. Ke2 {[%clk
00:19:19]} {[%emt 00:00:14]} Qc2+ {[%clk 00:27:44]} {[%emt 00:00:04]} 27. Ke1
{[%clk 00:19:16]} {[%emt 00:00:12]} Qxd1# {[%clk 00:27:43]} 0-1

[Event "2023 US National Elementary K-6 Championship"]
[Site "Baltimore, Maryland, United States"]
[Date "2023.05.13"]
[Round "3.18"]
[White "Lin, Michael"]
[Black "Wang, Ted"]
[Result "0-1"]
[TimeControl "G/90; d10"]
[WhiteElo "1527"]
[BlackElo "1900"]

1. d4 {[%clk 01:29:57]} Nf6 {[%clk 01:30:00]} 2. c4 {[%clk 01:29:49]} g6 {[%clk
01:30:00]} 3. Nc3 {[%clk 01:29:49]} Bg7 {[%clk 01:30:00]} 4. e4 {[%clk
01:29:49]} d6 {[%clk 01:30:00]} 5. h3 {[%clk 01:29:49]} O-O {[%clk 01:30:00]} 6.
Nf3 {[%clk 01:29:49]} Nbd7 {[%clk 01:29:53]} 7. Bg5 {[%clk 01:29:43]} e5 {[%clk
01:29:32]} 8. d5 {[%clk 01:29:38]} a5 {[%clk 01:29:21]} 9. Be2 {[%clk
01:27:10]} Nc5 {[%clk 01:29:04]} 10. Nd2 {[%clk 01:27:08]} c6 {[%clk 01:27:22]}
11. a3 {[%clk 01:26:39]} a4 {[%clk 01:26:11]} 12. Rc1 {[%clk 01:20:15]} {[%emt
00:00:11]} Qa5 {[%clk 01:24:39]} 13. Qc2 {[%clk 01:16:58]} {[%emt 00:03:19]}
Bd7 {[%clk 01:23:35]} {[%emt 00:01:10]} 14. g4 {[%clk 01:09:06]} {[%emt
00:07:40]} cxd5 {[%clk 01:21:05]} {[%emt 00:02:55]} 15. cxd5 {[%clk 01:09:03]}
b5 {[%clk 01:21:05]} {[%emt 00:00:04]} 16. Bf3 {[%clk 00:55:09]} {[%emt
00:14:03]} Rfc8 {[%clk 01:17:04]} {[%emt 00:04:20]} 17. Qb1 {[%clk 00:51:29]}
{[%emt 00:03:42]} b4 {[%clk 01:13:51]} {[%emt 00:03:53]} 18. axb4 {[%clk
00:51:01]} {[%emt 00:00:10]} Qxb4 {[%clk 01:11:50]} {[%emt 00:02:08]} 19. O-O
{[%clk 00:48:26]} {[%emt 00:02:56]} Rab8 {[%clk 01:10:13]} {[%emt 00:01:36]} 20.
Rc2 {[%clk 00:47:10]} {[%emt 00:01:21]} Nb3 {[%clk 01:02:24]} {[%emt 00:08:15]}
21. Nxb3 {[%clk 00:44:30]} {[%emt 00:02:57]} Qxb3 {[%clk 01:02:14]} {[%emt
00:00:13]} 22. Bd1 {[%clk 00:39:16]} {[%emt 00:05:15]} Rxc3 {[%clk 00:59:33]}
{[%emt 00:03:09]} 23. Rc1 {[%clk 00:38:26]} {[%emt 00:01:14]} Rxc1 {[%clk
00:59:06]} {[%emt 00:00:05]} 24. Qxc1 {[%clk 00:38:14]} {[%emt 00:00:58]} Qxb2
{[%clk 00:58:56]} {[%emt 00:00:04]} 25. Qc7 {[%clk 00:37:58]} {[%emt 00:00:04]}
Qb6 {[%clk 00:58:56]} {[%emt 00:00:12]} 26. Qc2 {[%clk 00:37:47]} {[%emt
00:00:18]} a3 {[%clk 00:58:51]} {[%emt 00:00:14]} 27. Bxf6 {[%clk 00:37:47]}
{[%emt 00:00:08]} Bxf6 {[%clk 00:58:51]} {[%emt 00:00:09]} 28. Be2 {[%clk
00:36:43]} {[%emt 00:01:04]} Rc8 {[%clk 00:58:37]} {[%emt 00:00:24]} 29. Qa2
{[%clk 00:36:43]} {[%emt 00:00:35]} Qb2 {[%clk 00:58:37]} 30. Ra1 {[%clk
00:36:43]} Rc1+ {[%clk 00:58:37]} 31. Rxc1 {[%clk 00:36:43]} {[%emt 00:00:33]}
Qxa2 {[%clk 00:58:37]} 32. Bc4 {[%emt 00:00:08]} Qb2 {[%clk 00:58:37]} {[%emt
00:00:09]} 33. Rf1 {[%clk 00:36:19]} {[%emt 00:00:06]} a2 {[%clk 00:58:37]} 34.
Bxa2 {[%clk 00:36:19]} {[%emt 00:00:04]} Qxa2 {[%clk 00:58:37]} {[%emt
00:00:14]} 0-1

[Event "2023 US National Elementary K-6 Championship"]
[Site "Baltimore, Maryland, United States"]
[Date "2023.05.13"]
[Round "3.14"]
[White "Wang, Kyle"]
[Black "Ohly, Oliver"]
[Result "1-0"]
[TimeControl "G/90; d10"]
[WhiteElo "1992"]
[BlackElo "1734"]

1. e4 {[%clk 01:30:00]} c5 {[%clk 01:29:56]} {[%emt 00:00:15]} 2. Nf3 {[%clk
01:30:00]} {[%emt 00:00:08]} Nc6 {[%clk 01:29:54]} {[%emt 00:00:11]} 3. d4
{[%clk 01:30:00]} {[%emt 00:00:08]} cxd4 {[%clk 01:29:47]} {[%emt 00:00:18]} 4.
Nxd4 {[%clk 01:30:00]} {[%emt 00:00:08]} Nf6 {[%clk 01:29:42]} {[%emt
00:00:16]} 5. Nc3 {[%clk 01:30:00]} {[%emt 00:00:08]} e5 {[%clk 01:29:38]}
{[%emt 00:00:14]} 6. Ndb5 {[%clk 01:30:00]} {[%emt 00:00:12]} d6 {[%clk
01:29:31]} {[%emt 00:00:16]} 7. Bg5 {[%clk 01:29:55]} {[%emt 00:00:14]} a6
{[%clk 01:29:14]} {[%emt 00:00:28]} 8. Na3 {[%clk 01:29:55]} {[%emt 00:00:05]}
b5 {[%clk 01:29:07]} {[%emt 00:00:18]} 9. Nd5 {[%clk 01:29:55]} {[%emt
00:00:05]} Be7 {[%clk 01:28:47]} {[%emt 00:00:29]} 10. Bxf6 {[%clk 01:29:53]}
{[%emt 00:00:13]} Bxf6 {[%clk 01:28:36]} {[%emt 00:00:20]} 11. c4 {[%clk
01:29:50]} {[%emt 00:00:13]} b4 {[%clk 01:28:27]} {[%emt 00:00:20]} 12. Nc2
{[%clk 01:29:50]} {[%emt 00:00:05]} a5 {[%clk 01:28:20]} {[%emt 00:00:16]} 13.
g3 {[%clk 01:29:21]} {[%emt 00:00:40]} O-O {[%clk 01:27:49]} {[%emt 00:00:41]}
14. Bg2 {[%clk 01:29:21]} {[%emt 00:00:09]} Bg5 {[%clk 01:26:52]} {[%emt
00:01:08]} 15. O-O {[%clk 01:29:08]} {[%emt 00:00:22]} f5 {[%clk 01:24:06]}
{[%emt 00:02:56]} 16. Qd3 {[%clk 01:17:15]} {[%emt 00:12:02]} Rb8 {[%clk
01:16:59]} {[%emt 00:07:17]} 17. b3 {[%clk 01:16:16]} {[%emt 00:01:11]} Ne7
{[%clk 01:12:19]} {[%emt 00:04:50]} 18. a3 {[%clk 01:10:24]} {[%emt 00:06:01]}
bxa3 {[%clk 00:52:40]} {[%emt 00:19:49]} 19. Rxa3 {[%clk 01:07:00]} {[%emt
00:03:34]} f4 {[%clk 00:47:56]} {[%emt 00:04:54]} 20. Rfa1 {[%clk 00:56:34]}
{[%emt 00:10:35]} fxg3 {[%clk 00:38:50]} {[%emt 00:09:18]} 21. hxg3 {[%clk
00:56:18]} {[%emt 00:00:25]} Nc6 {[%clk 00:37:50]} {[%emt 00:01:11]} 22. Qe2
{[%clk 00:32:11]} {[%emt 00:24:15]} Rb7 {[%clk 00:35:48]} {[%emt 00:02:12]} 23.
Rd1 {[%clk 00:24:58]} {[%emt 00:07:23]} Rbf7 {[%clk 00:33:37]} {[%emt
00:02:21]} 24. f3 {[%clk 00:24:49]} {[%emt 00:00:20]} h5 {[%clk 00:30:58]}
{[%emt 00:02:49]} 25. b4 {[%clk 00:20:17]} {[%emt 00:04:43]} axb4 {[%clk
00:29:21]} {[%emt 00:01:46]} 26. Rad3 {[%clk 00:18:09]} {[%emt 00:02:13]} Qa5
{[%clk 00:22:50]} {[%emt 00:06:46]} 27. Qf2 {[%clk 00:14:23]} {[%emt 00:03:56]}
Qc5 {[%clk 00:18:15]} {[%emt 00:04:45]} 28. Nb6 {[%clk 00:11:55]} {[%emt
00:02:37]} Be7 {[%clk 00:11:25]} {[%emt 00:07:01]} 29. Qxc5 {[%clk 00:10:10]}
{[%emt 00:01:56]} dxc5 {[%clk 00:11:22]} {[%emt 00:00:12]} 30. Nxc8 {[%clk
00:09:57]} {[%emt 00:00:23]} Rxc8 {[%clk 00:11:15]} {[%emt 00:00:17]} 31. Bh3
{[%clk 00:09:57]} {[%emt 00:00:03]} Rd8 {[%clk 00:09:38]} {[%emt 00:01:48]} 32.
Be6 {[%clk 00:09:42]} {[%emt 00:00:24]} Nd4 {[%clk 00:08:24]} {[%emt 00:01:24]}
33. Nxd4 {[%clk 00:08:58]} {[%emt 00:00:55]} Rxd4 {[%clk 00:07:17]} {[%emt
00:01:17]} 34. Rxd4 {[%clk 00:08:24]} {[%emt 00:00:44]} exd4 {[%clk 00:06:23]}
{[%emt 00:01:04]} 35. Kf2 {[%clk 00:08:21]} {[%emt 00:00:13]} g6 {[%clk
00:05:39]} {[%emt 00:00:53]} 36. f4 {[%clk 00:07:43]} {[%emt 00:00:48]} Kg7
{[%clk 00:05:18]} {[%emt 00:00:31]} 37. Bxf7 {[%clk 00:07:43]} {[%emt
00:00:03]} Kxf7 {[%clk 00:05:18]} {[%emt 00:00:08]} 38. Kf3 {[%clk 00:07:43]}
{[%emt 00:00:09]} Ke6 {[%clk 00:04:17]} {[%emt 00:01:11]} 39. Ra1 {[%clk
00:07:40]} {[%emt 00:00:13]} g5 {[%clk 00:03:43]} {[%emt 00:00:44]} 40. Ra6+
{[%clk 00:07:33]} {[%emt 00:00:17]} Kf7 {[%clk 00:03:20]} {[%emt 00:00:34]} 41.
fxg5 {[%clk 00:06:27]} {[%emt 00:01:17]} Bxg5 {[%clk 00:03:18]} {[%emt
00:00:11]} 42. Rc6 {[%clk 00:05:25]} {[%emt 00:01:10]} Bc1 {[%clk 00:02:16]}
{[%emt 00:01:13]} 43. Ke2 {[%clk 00:04:46]} {[%emt 00:00:49]} b3 {[%clk
00:01:34]} {[%emt 00:00:53]} 44. Rxc5 {[%clk 00:04:44]} {[%emt 00:00:11]} Ke6
{[%clk 00:01:31]} {[%emt 00:00:12]} 45. Rxh5 {[%clk 00:04:21]} {[%emt
00:00:34]} b2 {[%clk 00:01:21]} {[%emt 00:00:20]} 46. Rb5 {[%clk 00:04:21]}
{[%emt 00:00:02]} Kd6 {[%clk 00:01:14]} {[%emt 00:00:18]} 47. Kd3 {[%clk
00:04:20]} {[%emt 00:00:10]} Ke6 {[%clk 00:01:08]} {[%emt 00:00:17]} 48. Kxd4
{[%clk 00:04:20]} {[%emt 00:00:07]} Bh6 {[%clk 00:01:00]} {[%emt 00:00:17]} 49.
Rb6+ {[%clk 00:04:14]} {[%emt 00:00:17]} Kd7 {[%clk 00:01:00]} {[%emt
00:00:09]} 50. Rxb2 {[%clk 00:04:14]} {[%emt 00:00:07]} 1-0

[Event "2023 US National Elementary K-6 Championship"]
[Site "Baltimore, Maryland, United States"]
[Date "2023.05.13"]
[Round "3.17"]
[White "Yang, Aimee"]
[Black "Sarwar, Sawyer"]
[Result "0-1"]
[TimeControl "G/90; d10"]
[WhiteElo "1917"]
[BlackElo "1536"]

1. d4 {[%clk 01:30:00]} Nf6 {[%clk 01:30:00]} 2. c4 {[%clk 01:30:00]} {[%emt
00:00:04]} e6 {[%clk 01:30:00]} 3. Nf3 {[%clk 01:29:57]} c5 {[%clk 01:30:00]} 4.
d5 {[%clk 01:28:13]} exd5 {[%clk 01:30:00]} 5. cxd5 {[%clk 01:28:13]} d6 {[%clk
01:30:00]} 6. Nc3 {[%clk 01:28:13]} {[%emt 00:00:08]} g6 {[%clk 01:30:00]} 7.
e4 {[%clk 01:28:05]} Bg7 {[%clk 01:30:00]} 8. Be2 {[%clk 01:27:19]} O-O {[%clk
01:26:02]} 9. O-O {[%clk 01:25:34]} a6 {[%clk 01:26:01]} 10. a4 {[%clk
01:23:46]} {[%emt 00:00:10]} Re8 {[%clk 01:22:46]} 11. Qc2 {[%emt 00:05:09]}
Bg4 {[%clk 01:17:47]} {[%emt 00:00:26]} 12. Bf4 {[%clk 01:14:19]} {[%emt
00:06:49]} Qc7 {[%clk 01:14:29]} {[%emt 00:03:26]} 13. Rad1 {[%clk 01:04:03]}
{[%emt 00:10:24]} Nbd7 {[%clk 01:13:18]} {[%emt 00:01:23]} 14. Bg3 {[%clk
00:54:01]} {[%emt 00:10:12]} Nh5 {[%clk 01:11:33]} {[%emt 00:01:54]} 15. Nd2
{[%clk 00:52:07]} {[%emt 00:02:04]} Nxg3 {[%clk 01:09:10]} {[%emt 00:02:32]} 16.
hxg3 {[%clk 00:52:07]} {[%emt 00:00:15]} Bxc3 {[%clk 01:07:51]} {[%emt
00:01:51]} 17. Bxg4 {[%clk 00:52:05]} Bg7 {[%clk 01:07:47]} 18. Bxd7 {[%clk
00:51:15]} {[%emt 00:00:51]} Qxd7 {[%clk 01:07:35]} {[%emt 00:00:36]} 19. Nc4
{[%clk 00:51:15]} {[%emt 00:00:08]} Qe7 {[%clk 01:06:57]} {[%emt 00:00:37]} 20.
Rfe1 {[%clk 00:48:48]} {[%emt 00:02:33]} b5 {[%clk 01:02:51]} {[%emt 00:04:15]}
21. Nb6 {[%clk 00:44:47]} {[%emt 00:04:12]} Rab8 {[%clk 01:02:26]} {[%emt
00:00:38]} 22. a5 {[%clk 00:44:47]} {[%emt 00:00:05]} Rb7 {[%clk 00:55:56]}
{[%emt 00:06:40]} 23. Rd2 {[%clk 00:30:27]} {[%emt 00:14:30]} c4 {[%clk
00:46:01]} {[%emt 00:10:05]} 24. Ree2 {[%clk 00:24:28]} {[%emt 00:06:11]} Qc7
{[%clk 00:43:26]} {[%emt 00:02:42]} 25. b4 {[%clk 00:17:34]} {[%emt 00:07:03]}
Qd8 {[%clk 00:35:09]} {[%emt 00:08:44]} 26. f4 {[%clk 00:13:04]} {[%emt
00:04:23]} h5 {[%clk 00:34:08]} {[%emt 00:01:11]} 27. e5 {[%clk 00:09:28]}
{[%emt 00:03:48]} dxe5 {[%clk 00:33:40]} {[%emt 00:00:35]} 28. d6 {[%clk
00:09:18]} {[%emt 00:00:21]} exf4 {[%clk 00:27:55]} {[%emt 00:05:58]} 29. d7
{[%clk 00:08:00]} {[%emt 00:01:24]} Rxe2 {[%clk 00:27:05]} {[%emt 00:01:01]} 30.
Rxe2 {[%clk 00:08:00]} {[%emt 00:00:25]} Rxd7 {[%clk 00:26:55]} {[%emt
00:00:07]} 31. Nxd7 {[%clk 00:08:00]} {[%emt 00:00:08]} Qxd7 {[%clk 00:26:55]}
{[%emt 00:00:04]} 32. gxf4 {[%clk 00:07:44]} {[%emt 00:00:19]} Qd4+ {[%clk
00:26:44]} {[%emt 00:00:36]} 33. Rf2 {[%clk 00:06:29]} {[%emt 00:01:15]} Qe3
{[%clk 00:26:33]} {[%emt 00:00:15]} 34. Qe2 {[%clk 00:04:44]} {[%emt 00:01:55]}
Bd4 {[%clk 00:26:26]} {[%emt 00:00:35]} 0-1

[Event "2023 US National Elementary K-6 Championship"]
[Site "Baltimore, Maryland, United States"]
[Date "2023.05.13"]
[Round "3.19"]
[White "Shangin, Lev"]
[Black "Wu, Terrain"]
[Result "1-0"]
[TimeControl "G/90; d10"]
[WhiteElo "1891"]
[BlackElo "1518"]

1. d4 {[%clk 01:30:00]} f5 {[%clk 01:29:59]} 2. c4 {[%clk 01:29:44]} Nf6 {[%clk
01:29:57]} 3. Nc3 {[%clk 01:29:18]} e6 {[%clk 01:29:57]} 4. Nf3 {[%clk
01:28:46]} Bb4 {[%clk 01:29:57]} 5. e3 {[%clk 01:28:04]} Ne4 {[%clk 01:29:53]}
6. Qc2 {[%clk 01:27:32]} {[%emt 00:00:07]} O-O {[%clk 01:29:33]} 7. Bd3 {[%clk
01:27:08]} d5 {[%clk 01:29:13]} 8. O-O {[%clk 01:25:22]} Nc6 {[%clk 01:28:37]}
9. cxd5 {[%clk 01:24:25]} Bxc3 {[%clk 01:27:02]} 10. dxc6 {[%clk 01:22:00]} Bb4
{[%clk 01:26:42]} 11. Bxe4 {[%clk 01:20:51]} fxe4 {[%clk 01:26:31]} 12. Qxe4
{[%clk 01:20:51]} bxc6 {[%clk 01:26:16]} 13. a3 {[%clk 01:20:05]} Bd6 {[%clk
01:25:47]} 14. Bd2 {[%clk 01:19:38]} {[%emt 00:00:12]} Rb8 {[%clk 01:25:33]} 15.
b4 {[%clk 01:19:07]} {[%emt 00:00:36]} Rf6 {[%clk 01:24:51]} {[%emt 00:00:54]}
16. Ne5 {[%clk 01:11:31]} {[%emt 00:07:53]} Bxe5 {[%clk 01:24:22]} {[%emt
00:00:47]} 17. Qxe5 {[%clk 01:11:11]} {[%emt 00:00:13]} Rb5 {[%clk 01:23:55]}
{[%emt 00:00:38]} 18. Qe4 {[%clk 01:10:37]} {[%emt 00:00:44]} Qd6 {[%clk
01:22:14]} {[%emt 00:01:50]} 19. f4 {[%clk 01:10:03]} {[%emt 00:00:45]} Bb7
{[%clk 01:22:02]} {[%emt 00:00:21]} 20. Qd3 {[%clk 01:09:59]} {[%emt 00:00:22]}
Rg6 {[%clk 01:20:25]} {[%emt 00:01:38]} 21. e4 {[%clk 01:09:15]} {[%emt
00:00:56]} Rh5 {[%clk 01:18:50]} {[%emt 00:01:55]} 22. Be3 {[%clk 01:06:22]}
{[%emt 00:02:53]} Rh4 {[%clk 01:14:42]} {[%emt 00:04:42]} 23. Rac1 {[%clk
01:03:10]} {[%emt 00:03:11]} Rhg4 {[%clk 01:13:02]} {[%emt 00:01:45]} 24. g3
{[%clk 01:02:06]} {[%emt 00:01:05]} Rh4 {[%clk 01:04:51]} {[%emt 00:08:26]} 25.
Rc5 {[%clk 01:00:09]} {[%emt 00:02:22]} Rh3 {[%clk 01:03:48]} {[%emt 00:00:53]}
26. Kg2 {[%clk 00:57:36]} {[%emt 00:02:54]} Rh4 {[%clk 01:01:24]} {[%emt
00:02:28]} 27. e5 {[%clk 00:54:23]} {[%emt 00:03:20]} Qe7 {[%clk 00:58:35]}
{[%emt 00:03:26]} 28. f5 {[%clk 00:52:55]} {[%emt 00:01:08]} exf5 {[%clk
00:57:41]} {[%emt 00:01:44]} 29. Qxf5 {[%clk 00:52:41]} {[%emt 00:00:09]} Rhg4
{[%clk 00:52:53]} {[%emt 00:04:37]} 30. Rf3 {[%clk 00:50:28]} {[%emt 00:02:40]}
Qe8 {[%clk 00:44:15]} {[%emt 00:08:46]} 31. d5 {[%clk 00:44:16]} {[%emt
00:06:02]} Bc8 {[%clk 00:42:30]} {[%emt 00:01:53]} 32. e6 {[%clk 00:43:50]}
{[%emt 00:00:55]} cxd5 {[%clk 00:41:22]} {[%emt 00:01:02]} 33. Qf7+ {[%clk
00:43:38]} {[%emt 00:00:23]} Qxf7 {[%clk 00:40:59]} {[%emt 00:00:31]} 34. exf7+
{[%clk 00:43:38]} {[%emt 00:00:39]} Kf8 {[%clk 00:40:53]} 35. Rxc7 {[%clk
00:43:38]} Be6 {[%clk 00:39:20]} {[%emt 00:01:28]} 36. Bc5# {[%clk 00:43:38]}
{[%emt 00:00:11]} 1-0